Japan's economic structure : (Record no. 1346)
[ view plain ]
| 000 -LEADER | |
|---|---|
| fixed length control field | 00716nam a2200205 4500 |
| 001 - CONTROL NUMBER | |
| control field | 1771 |
| 003 - CONTROL NUMBER IDENTIFIER | |
| control field | OCoLC |
| 005 - DATE AND TIME OF LATEST TRANSACTION | |
| control field | 20181127163951.0 |
| 008 - FIXED-LENGTH DATA ELEMENTS--GENERAL INFORMATION | |
| fixed length control field | 901119s1990 wau b 000 0 eng d |
| 020 ## - INTERNATIONAL STANDARD BOOK NUMBER | |
| International Standard Book Number | 1879098008 |
| 043 ## - GEOGRAPHIC AREA CODE | |
| Geographic area code | a-ja--- |
| -- | n-us--- |
| 245 00 - TITLE STATEMENT | |
| Title | Japan's economic structure : |
| Remainder of title | should it change? / |
| Statement of responsibility, etc. | edited by Kozo Yamamura. |
| 260 ## - PUBLICATION, DISTRIBUTION, ETC. | |
| Place of publication, distribution, etc. | Seattle, Wash. : |
| Name of publisher, distributor, etc. | Society for Japanese Studies, University of Washington, |
| Date of publication, distribution, etc. | c1990. |
| 300 ## - PHYSICAL DESCRIPTION | |
| Extent | 378 p. ; |
| Dimensions | 23 cm. |
| 504 ## - BIBLIOGRAPHY, ETC. NOTE | |
| Bibliography, etc. note | Includes bibliographical references. |
| 651 #0 - SUBJECT ADDED ENTRY--GEOGRAPHIC NAME | |
| Geographic name | Japan |
| General subdivision | Economic policy |
| Chronological subdivision | 1945- |
| Geographic name | Japan |
| General subdivision | Foreign economic relations |
| Geographic subdivision | United States. |
| Geographic name | United States |
| General subdivision | Foreign economic relations |
| Geographic subdivision | Japan. |
| 700 1# - ADDED ENTRY--PERSONAL NAME | |
| Personal name | Yamamura, Kozo. |
| Withdrawn status | Lost status | Source of classification or shelving scheme | Damaged status | Not for loan | Collection code | Home library | Current library | Shelving location | Serial Enumeration / chronology | Inventory number | Total Checkouts | Full call number | Barcode | Date last seen | Price effective from | Koha item type |
|---|---|---|---|---|---|---|---|---|---|---|---|---|---|---|---|---|
| Dewey Decimal Classification | Main TEST | RTC Library | RTC Library | Main opac | 1505 | 330.952 YAM | 30001699 | 27/11/2018 | 27/11/2018 | Main |